| 000 | 01344cab a22002295a 4500 | ||
|---|---|---|---|
| 001 | L158505 | ||
| 008 | 150330e2015 xxk 000 0 eng d | ||
| 035 | _a(Sirsi) u158505 | ||
| 041 | 0 | _aeng | |
| 100 | 1 | _aSanto, Philip | |
| 245 | 0 | 0 | _aComparable evidence in residential property valuations |
| 260 | _c2015 | ||
| 490 |
_aJournal of Building Survey, Appraisal & Valuation _v3(4) Winter 2014-15, 295-303(9) |
||
| 520 | _aReviews the process of selecting and applying comparable evidence with particular emphasis on the need for structured analysis and recording when carrying out residential valuations. RICS Information Paper "Comparable evidence in property valuation" 2011 defines a comparable as an item used in the valuation process as evidence in support of a valuation of a different item of the same general type. Identifies sources of comparable evidence including Land Registry Rightmove and Nationwide. Considers factors such as the importance of weighting and ranking the hierachy of evidence. Stresses the importance of recording and analysing comparable evidence and keeping accurance records on file. | ||
| 590 | _aKA | ||
| 650 | 2 | 4 | _aCOMPARABLE EVIDENCE IN PROPERTY VALUATION |
| 650 | 2 | 4 | _aCOMPARABLES |
| 651 |
_aUnited Kingdom _y |
||
| 690 |
_aValuation _96273 |
||
| 690 |
_aResidential property _96266 |
||
| 942 | _n0 | ||
| 999 |
_c84612 _d84612 |
||